Panorma of Indian Indigenous Architecture/ (Record no. 186904)
[ view plain ]
| 000 -LEADER | |
|---|---|
| fixed length control field | 00565nam a22001817a 4500 |
| 005 - DATE AND TIME OF LATEST TRANSACTION | |
| control field | 20220322172210.0 |
| 010 ## - LCCN (DPL NO) | |
| LC control number | ENG-132077 |
| 020 ## - INTERNATIONAL STANDARD BOOK NUMBER | |
| International Standard Book Number | 9789386618221 |
| Terms of availability | 1495 |
| 035 ## - SYSTEM CONTROL NUMBER | |
| System control number | EN-115609 |
| 037 ## - SOURCE OF ACQUISITION | |
| Source of stock number/acquisition | DBAD/PUB |
| 082 ## - DEWEY DECIMAL CLASSIFICATION NUMBER | |
| Classification number | 728.30954 |
| 100 ## - MAIN ENTRY--PERSONAL NAME | |
| Personal name | Handa, O.C |
| 245 ## - TITLE STATEMENT | |
| Title | Panorma of Indian Indigenous Architecture/ |
| Statement of responsibility, etc | O.C.Handa |
| 260 ## - PUBLICATION, DISTRIBUTION, ETC. (IMPRINT) | |
| Place of publication, distribution, etc | New Delhi |
| Name of publisher, distributor, etc | Pentagon Press |
| Date of publication, distribution, etc | 2018 |
| 270 ## - ADDRESS | |
| Address | 206, Peacock Lane, Shahpur Jat' |
| City | New Delhi |
| Postal code | 110049 |
| Electronic mail address | rajan@pentagonpress.in |
| 300 ## - PHYSICAL DESCRIPTION | |
| Extent | 178p |
| Other physical details | Index |
| Dimensions | 24cm(hbk) |
| 942 ## - ADDED ENTRY ELEMENTS (KOHA) | |
| Source of classification or shelving scheme | Dewey Decimal Classification |
| Item type | English Books |
| Call number suffix | HAN |
| Classification part | 728.30954 |
| Withdrawn status | Lost status | Not for loan | Collection code | Home library | Current library | Date acquired | Source of acquisition | Cost, normal purchase price | Full call number | Barcode | Copy number | Cost, replacement price | Koha item type |
|---|---|---|---|---|---|---|---|---|---|---|---|---|---|
| Non-fiction | Patel Nagar | Patel Nagar | 22/03/2022 | DBAD/PUB | 1495.00 | 728.30954 HAN | EN-115609 | 1 | 1495.00 | English Books |
